000 00765nam a2200241 a 4500
005 20230304063658.0
008 021105s1999 mx r 000 0 spa d
020 _a9505573391
035 _aUPN01000120737
049 _aCG
050 4 _aHQ1075
_bS4.9
245 0 0 _aSexualidad, género y roles sexuales /
_ccomp. Marysa Navarro, Catharine R. Stimpson.
260 _aBuenos Aires :
_bFCE,
_c1999.
300 _a262 p.
440 3 _aUn nuevo saber.
_pLos estudios de mujeres ;
_v2
440 0 _aTezontle
590 _aBibliografía Básica (BGTQ)
590 _a(También localizas un ejemplar en el "Area de Reserva")
650 4 _aRol sexual
_95307
700 1 _aNavarro, Marysa,
_ecomp.
_929738
700 1 _aStimpson, Catharine R.,
_ecomp.
905 _aLibro
999 _c93071
_d93071